Kabale University Library Catalogue

Normal view MARC view
  • Farm produce

Entry Topical Term

Number of records used in: 1

001 - CONTROL NUMBER

  • control field: 14837

003 - CONTROL NUMBER IDENTIFIER

  • control field: OSt

005 - DATE AND TIME OF LATEST TRANSACTION

  • control field: 20260129104127.0

008 - FIXED-LENGTH DATA ELEMENTS

  • fixed length control field: 260129|| aca||aabn | a|a d

040 ## - CATALOGING SOURCE

  • Original cataloging agency: OSt
  • Transcribing agency: OSt

150 ## - HEADING--TOPICAL TERM

  • Topical term or geographic name entry element: Farm produce
  • Geographic subdivision: United States
  • General subdivision: Marketing

670 ## - SOURCE DATA FOUND

  • Source citation: Work cat.: (OSt)5883: Kohls, Richard L. (Richard Louis), 1921- 14834, Marketing of agricultural products /, c1990.

Kabale University Library | Kabale University P.O Box 317, Kabale, Uganda
Tel : +256754017033, +256774661503 E-mail : library@kab.ac.ug